Java and CGI Programming [e resource : question paper] : Seventh sem BE degree exam, Dec 07/Jan 08 (CS73] (Record no. 205294)
[ view plain ]
| 000 -LEADER | |
|---|---|
| fixed length control field | 00434nam a2200121Ia 4500 |
| 008 - FIXED-LENGTH DATA ELEMENTS--GENERAL INFORMATION | |
| fixed length control field | 231221s9999 xx 000 0 und d |
| 041 ## - LANGUAGE CODE | |
| Language code of text/sound track or separate title | English |
| 082 ## - DEWEY DECIMAL CLASSIFICATION NUMBER | |
| Classification number | QPCSUG08-1421 |
| 245 #0 - TITLE STATEMENT | |
| Title | Java and CGI Programming [e resource : question paper] : Seventh sem BE degree exam, Dec 07/Jan 08 (CS73] |
| 260 ## - PUBLICATION, DISTRIBUTION, ETC. | |
| Date of publication, distribution, etc. | 2008/01 |
| Name of publisher, distributor, etc. | VTU |
| Place of publication, distribution, etc. | Bangalore |
| 650 ## - SUBJECT ADDED ENTRY--TOPICAL TERM | |
| Topical term or geographic name entry element | Java,CGI,Programming,[e,:,paper],:,Seventh,BE,exam,,Dec,07/Jan,08,(CS73] |
| 942 ## - ADDED ENTRY ELEMENTS (KOHA) | |
| Koha item type | Digital Library |
| Date last seen | Total checkouts | Full call number | Accession number | Uniform resource identifier | Price effective from | Category | Lost status | Damaged status | Department | Withdrawn status | Home library | Current library | Shelving location | Entry date | Grants | Billdate | Currency symbol | Conversion rate | Discount | Old discount |
|---|---|---|---|---|---|---|---|---|---|---|---|---|---|---|---|---|---|---|---|---|
| 26/01/2024 | QPCSUG08-1421 | DL1421 | digital/qp/dl1421.pdf | 26/01/2024 | Digital Library | Central Library | Central Library | Central Library | Central Library | CS | 08/03/2010 | RS | 1 |
